A socio-political study of the Vālmīki Rāmāyaṇa.

Kaydedildi:
Detaylı Bibliyografya
Yazar: Sharma, Ramashraya
Materyal Türü: Kitap
Dil:English
Baskı/Yayın Bilgisi: Delhi, Motilal Banarsidass [1971]
Edisyon:[1st ed.]
Konular:
LEADER 01010nam a2200277 a 4500
001 c000161200
003 CARM
005 19880617000000.0
008 720929s1971 ii b 000 0 eng
010 |a 72900794 /SA 
019 1 |a 494097  |z 9551910  |5 LACONCORD2021 
035 |a (OCoLC)540773  |5 LACONCORD2021 
040 |a LC  |b eng  |c LC  |d 2509 
050 0 0 |a PK3661  |b .S5 1971 
082 0 4 |a 891.2 
100 1 |a Sharma, Ramashraya. 
245 1 2 |a A socio-political study of the Vālmīki Rāmāyaṇa. 
250 |a [1st ed.] 
260 |a Delhi,  |b Motilal Banarsidass  |c [1971] 
300 |a xxii, 473 p.  |c 22 cm. 
500 |a Originally presented as the author's thesis, University of Delhi, 1964. 
504 |a Bibliography: p. [449-459] 
600 0 0 |a Vālmīki.  |t Rāmāyaṇa. 
852 8 |b CARM  |h A2:AJ23A0  |i B04875  |p 0212620  |f BK 
999 f f |i 1664430d-5d84-52f6-a637-7267d1a3dfd0  |s a7dbe227-78a8-55d1-bef1-37c88f9315ea 
952 f f |p Can circulate  |a CAVAL  |b CAVAL  |c CAVAL  |d CARM 1 Store  |e B04875  |f A2:AJ23A0  |h Other scheme  |i book  |m 0212620